000 00557nam a22001817a 4500
005 20251108175541.0
008 250721s2016 xx 000 0 ara d
082 1 4 _a658.0952/ديل
100 1 _aديلمي، لخضر
245 1 0 _aالإدارة الاقتصادية في الشركات اليابانية /
264 1 _aعمان :
_bدار امجد للنشر و التوزيع،
_c2016.
300 _a213ص.
650 1 7 _aالادارة
650 1 7 _aاليابان
700 1 _aروازقي، محمد
942 _2ddc
_cBK
999 _c136751
_d136751